Voliči a otázky integrace

Pohľad na názory voličov v ČR na vstup do Európskej únie. Spokojnosť a vzťah k Európskej únii. Nezáujem o vstup Česka do EU.

Guardado en:
Detalles Bibliográficos
Autor principal: Huk, Jaroslav
Formato: Capítulo de libro
Lenguaje:checo
Materias:
Etiquetas: Agregar Etiqueta
Sin Etiquetas, Sea el primero en etiquetar este registro!

MARC

LEADER 00000naa a2200000 4500
001 r045695
005 20231004070534.8
041 0 |a cze 
044 |a CZ 
245 1 0 |a Voliči a otázky integrace  |c Jaroslav Huk 
520 |a Pohľad na názory voličov v ČR na vstup do Európskej únie. Spokojnosť a vzťah k Európskej únii. Nezáujem o vstup Česka do EU. 
610 2 0 |a prieskum štatistický 
610 2 0 |a voľby 
610 2 0 |a integrácia 
610 2 0 |a Európska únia 
610 2 0 |a Česko 
100 1 |a Huk, Jaroslav